000 01272nam a2200373 a 4500
001 vtls001440902
003 NLI
005 20210627122304.0
008 121130m1993uuuuii 000 0 eng
020 _a8124600074 (v.1)
_cRs. 300.00
020 _a8124600082 (set)
039 9 _y201211301657
_zVLOAD
040 _aNLI
_beng
_cDatasoft_GENG
_eAACR2
041 0 _aeng
044 _aii
082 0 4 _a294.59218
245 0 4 _aThe Brhadaranyaka Upanisad :
_bwith original text in Roman transliteration, English translation and appendices /
_ccommentary by Nitya Chaitanya Yati
260 _aNew Delhi :
_bD. K. Printworld,
_c1993-
300 _a-v. ;
_c22 cm.
440 0 _aRediscovering Indian literary classics ;
_vno.2
_9969349
500 _aLibrary has vol.1
505 0 _aVol.1 Mandhu kanda
630 0 0 _aUpanishads.
_pBrhadaranyakopanisad
_91005849
650 0 _aHinduism
_xRituals
_9687172
650 0 _aBhagavadgita
_xCriticism, interpretation
_91005850
650 0 _aHinduism
_xSacred book
_9692260
700 1 _aYati, Nitya Chaitanya,
_4comm
_91005851
887 _a
901 _aDB67895
_b05.01.1996
_9v.1
902 _aE 294.59218 B 759
904 _l2499
949 _AVIRTUAITEM
_D10000
_X100
_6DBA000067895ENG
_9v.1
942 _2ddc
_cBKS
999 _aVIRTUA40
_c893407
_d893407